00758 2200241 4500001002100000005001700021008004100038035002400079082001100103090002200114100002700136245013200163260002900295300003200324500005000356500002800406650001700434850002100451980001400472985000600486986000900492999001500501YOGYA-0209000004304220090227025927.0 ind  0010-020900000043042 a331.11 a331.11bDwi PlSK aDWI SUPRIYADI, JB Sunu aPeranan industri kecil terhadap pendapatan dan penyerapan tenaga kerja masyarakat pedesaancdisusun oleh JB. Sunu Dwi Supriyadi aYogyakartab[s.n.]c1995 axi, 111 lembarbilusc29 cm aSkripsi Sekolah Tinggi Ilmu Ekonomi Kerjasama aBibliografi : lembar 81 aTenaga kerja aYOPDYOG [TRM 29] a27-8-2007 a1 aRuni a07A0026000